Analýza peněžných příjmů a výdajů obyvatelstva v letech 1960-1978

Na minha lista:
Detalhes bibliográficos
Autor principal: Kodymová, Radoslava
Formato: Livro
Idioma:tcheco
Publicado em: Praha Výzkumný ústav plánování a řízení národního hospodářství 1981
Tags: Adicionar Tag
Sem tags, seja o primeiro a adicionar uma tag!

MARC

LEADER 00000nam a2200000 4500
001 c141168
005 20221207064506.7
041 0 |a cze 
044 |a CZ 
245 1 0 |a Analýza peněžných příjmů a výdajů obyvatelstva v letech 1960-1978  |c Radoslava Kodymová 
264 1 |a Praha  |b Výzkumný ústav plánování a řízení národního hospodářství  |c 1981 
300 |a 72 s. 
100 1 |a Kodymová, Radoslava